[Event "COL Intercollegiate-chT U18"]
[Site "Palmira"]
[Date "2017.10.21"]
[Round "6.12"]
[White "Ramirez Martinez, Janz Freddy"]
[Black "Valencia, Jeison"]
[Result "0-1"]
[WhiteElo "1600"]
[BlackElo "1479"]
[PlyCount "110"]
[EventDate "2017.10.19"]
[EventType "swiss"]
[EventRounds "12"]
[EventCountry "COL"]
[SourceTitle "CBM 181 Extra"]
[Source "ChessBase"]
[SourceDate "2017.12.12"]
[SourceVersion "1"]
[SourceVersionDate "2017.12.12"]
[SourceQuality "1"]

1. Nc3 d5 2. d4 Nc6 3. h3 Bf5 4. g4 Bg6 5. f4 e6 6. Nf3 Bb4 7. Bd2 Nf6 8. Ne5 Nxd4 9. Nxg6 hxg6 10. e3 Nc6 11. g5 Nh5 12. Rg1 Bxc3 13. Bxc3 Qe7 14. Be2 e5 15. Qxd5 exf4 16. 0-0-0 Qxe3+ 17. Qd2 Qxd2+ 18. Bxd2 0-0-0 19. Bxh5 gxh5 20. Bxf4 Rxd1+ 21. Rxd1 g6 22. h4 Rf8 23. Rf1 f6 24. gxf6 Rxf6 25. Kd2 Nb4 26. Ke2 Nd5 27. Bg5 Rxf1 28. Kxf1 Nb4 29. c3 Nd3 30. Kg2 Nxb2 31. Kf3 Kd7 32. Ke4 Ke6 33. a3 Nc4 34. Kf4 Nxa3 35. Bh6 Kf6 36. Bf8 Nb5 37. c4 Nd4 38. Bh6 a5 39. Bg5+ Kf7 40. Ke5 Nf3+ 41. Kf4 Nxg5 42. hxg5 a4 43. Ke4 a3 44. Kd5 a2 45. c5 a1Q 46. c6 Qa5+ 47. Kc4 bxc6 48. Kb3 c5 49. Kc4 c6 50. Kb3 Qb4+ 51. Kc2 c4 52. Kc1 c3 53. Kd1 Qe4 54. Kc1 Qe2 55. Kb1 Qb2# 0-1